000 00551nam a22002057a 4500
001 00028693
005 20260401102710.0
008 260401b ag ||||| |||| 00| 0 spa d
020 _a8467415207
040 _aAR-CcCEOS
_bspa
_cAR-CcCEOS
041 _aspa
080 _a820-3(73)
090 _bJEC
100 1 _aJeck, Michael,
_d1946-
_91008
245 _aLa venganza templaría /
_cMichael Jeck
264 _aBarcelona :
_bPlaneta,
_cc2005.
300 _a349 p. ;
_c24x15 cm.
655 0 _aliteratura inglesa
_vnovela
_9904
942 _2udc
_cBK
_n0
999 _c28726
_d28726